WHL Champions Quiz - Statistics

General Stats
  • This quiz has been taken 65 times
    35 since last reset
  • The average score is 48 of 56
Answer Stats
Year Answer Runner-Up % Correct
2022 Edmonton Oil Kings Seattle Thunderbirds
94%
2014 Edmonton Oil Kings Portland Winterhawks
94%
2012 Edmonton Oil Kings Portland Winterhawks
94%
1972 Edmonton Oil Kings Regina Pats
94%
1971 Edmonton Oil Kings Flin Flon Bombers
94%
2011 Kootenay Ice Portland Winterhawks
94%
2002 Kootenay Ice Red Deer Rebels
94%
2000 Kootenay Ice Spokane Chiefs
94%
1997 Lethbridge Hurricanes Seattle Thunderbirds
94%
1980 Regina Pats Victoria Cougars
94%
1974 Regina Pats Calgary Centennials
94%
2016 Brandon Wheat Kings Seattle Thunderbirds
89%
1996 Brandon Wheat Kings Spokane Chiefs
89%
1979 Brandon Wheat Kings Portland Winter Hawks
89%
1995 Kamloops Blazers Brandon Wheat Kings
89%
1994 Kamloops Blazers Saskatoon Blades
89%
1992 Kamloops Blazers Saskatoon Blades
89%
1990 Kamloops Blazers Lethbridge Hurricanes
89%
1986 Kamloops Blazers Medicine Hat Tigers
89%
1984 Kamloops Blazers Regina Pats
89%
2015 Kelowna Rockets Brandon Wheat Kings
89%
2009 Kelowna Rockets Calgary Hitmen
89%
2005 Kelowna Rockets Brandon Wheat Kings
89%
2003 Kelowna Rockets Red Deer Rebels
89%
2007 Medicine Hat Tigers Vancouver Giants
89%
2004 Medicine Hat Tigers Everett Silvertips
89%
1988 Medicine Hat Tigers Kamloops Blazers
89%
1987 Medicine Hat Tigers Portland Winter Hawks
89%
1973 Medicine Hat Tigers Saskatoon Blades
89%
2024 Moose Jaw Warriors Portland Winterhawks
89%
2013 Portland Winterhawks Edmonton Oil Kings
89%
1998 Portland Winter Hawks Brandon Wheat Kings
89%
1982 Portland Winter Hawks Regina Pats
89%
2023 Seattle Thunderbirds Winnipeg Ice
89%
2017 Seattle Thunderbirds Regina Pats
89%
2006 Vancouver Giants Moose Jaw Warriors
89%
1970 Flin Flon Bombers Edmonton Oil Kings
83%
1969 Flin Flon Bombers Edmonton Oil Kings
83%
2019 Prince Albert Raiders Vancouver Giants
83%
1985 Prince Albert Raiders Kamloops Blazers
83%
2001 Red Deer Rebels Portland Winter Hawks
83%
2008 Spokane Chiefs Lethbridge Hurricanes
83%
1991 Spokane Chiefs Lethbridge Hurricanes
83%
2010 Calgary Hitmen Tri-City Americans
78%
1999 Calgary Hitmen Kamloops Blazers
78%
1983 Lethbridge Broncos Portland Winter Hawks
78%
2018 Swift Current Broncos Everett Silvertips
78%
1993 Swift Current Broncos Portland Winter Hawks
78%
1989 Swift Current Broncos Portland Winter Hawks
78%
1981 Victoria Cougars Calgary Wranglers
78%
1968 Estevan Bruins Flin Flon Bombers
72%
1978 New Westminster Bruins Billings Bighorns
72%
1977 New Westminster Bruins Brandon Wheat Kings
72%
1976 New Westminster Bruins Saskatoon Blades
72%
1975 New Westminster Bruins Saskatoon Blades
72%
1967 Moose Jaw Canucks Regina Pats
44%
No matching quizzes found
Score Distribution
Percent of People with Each Score
Percentile by Number Answered
Your Score History
You have not taken this quiz since the last reset